Polymers research journal

Bibliographic Details
Corporate Author: Nova Science Publishers
Format: Electronic Journal
Language:English
Published: Hauppauge, NY : Nova Science Publishers
Subjects:
Online Access:Full text available from Research Library: 01/01/2011 to 12/31/2011
Full text available from Research Library: 01/01/2013 to 07/31/2017

MARC

LEADER 00000nas a2200000 a 4500
001 ssj0001454451
003 WaSeSS
005 20200512172242.0
006 m d
007 cr n
008 061227c20079999nyuqr p s 0 a0eng c
010 |a  2006215770 
022 |l 1935-2530  |y 1935-2530 
035 |a (WaSeSS)ssj0001454451 
037 |b Nova Science Publishers, Inc., 400 Oser Ave., Ste. 1600, Hauppauge, NY 11788 
040 |a NSD  |b eng  |c NSD  |d DLC  |d NSD  |d OCLCQ  |d OCLCF  |d OCLCO  |d CUS  |d WaSeSS 
042 |a pcc  |a nsdp 
050 0 0 |a QD380  |b .P677 
082 1 0 |a 547  |2 14 
222 0 |a Polymers research journal 
245 0 0 |a Polymers research journal  |h [electronic resource]. 
246 1 3 |a Polymers 
260 |a Hauppauge, NY :  |b Nova Science Publishers 
310 |a Quarterly 
362 1 |a Began with vol. 1, no. 1/2 (2007). 
506 |a License restrictions may limit access. 
588 |a Description based on first issue; title from cover. 
650 0 |a Polymers  |v Periodicals. 
650 7 |a Polymers.  |2 fast  |0 (OCoLC)fst01070588 
655 0 |a Electronic journals. 
710 2 |a Nova Science Publishers. 
850 |a DLC 
856 4 0 |z Full text available from Research Library: 01/01/2011 to 12/31/2011  |u https://search.proquest.com/publication/2034819 
856 4 0 |z Full text available from Research Library: 01/01/2013 to 07/31/2017  |u https://search.proquest.com/publication/2034819